Catálogo

MARKETING DE SERVICIOS (Registro nro. 28294)

Detalles MARC
000 -LEADER
fixed length control field 00686nam a2200217 a 4500
001 - CONTROL NUMBER
control field 28294
005 - DATE AND TIME OF LATEST TRANSACTION
control field 20180713231142.0
008 - FIXED-LENGTH DATA ELEMENTS--GENERAL INFORMATION
fixed length control field 140415s2000 mx 000 0 spa d
020 ## - INTERNATIONAL STANDARD BOOK NUMBER
International Standard Book Number 9684101188
041 ## - LANGUAGE CODE
Language code of text/sound track or separate title spa
082 ## - DEWEY DECIMAL CLASSIFICATION NUMBER
Classification number 658.812
Item number COB
100 1# - MAIN ENTRY--PERSONAL NAME
Personal name COBRA,MARCOS
245 10 - TITLE STATEMENT
Title MARKETING DE SERVICIOS
250 ## - EDITION STATEMENT
Edition statement 2° EDICIÓN
260 ## - PUBLICATION, DISTRIBUTION, ETC.
Place of publication, distribution, etc. MEXICO :
Name of publisher, distributor, etc. MC GRAW HILL,
Date of publication, distribution, etc. 2000
300 ## - PHYSICAL DESCRIPTION
Extent 255
Dimensions 15 x 2 x 22
520 ## - SUMMARY, ETC.
Summary, etc. ESTA OBRA PRESENTA UN PANORAMA GLOBLA DEL SECTOR DE SERVICIOS EN LAS AREAS DE TURISMO, FINZNAS, SALUD Y COMUNICACION.
650 14 - SUBJECT ADDED ENTRY--TOPICAL TERM
Topical term or geographic name entry element SERVICIOS AL CLIENTE
700 1# - ADDED ENTRY--PERSONAL NAME
Personal name VILLAMIZAR NARVAZ, ALBERTO
Relator term tr.
740 ## - ADDED ENTRY--UNCONTROLLED RELATED/ANALYTICAL TITLE
Uncontrolled related/analytical title MARKETING DE SERVICIOS
Existencias
Withdrawn status Lost status Source of classification or shelving scheme Damaged status Not for loan Collection code Home library Current library Shelving location Date acquired Source of acquisition Total Checkouts Full call number Barcode Date last seen Price effective from Koha item type
    Dewey Decimal Classification     General Tehuacán Tehuacán Sala general 03/12/2013 Compra   658.812 COB 501840 08/01/2025 03/12/2013 Libro
    Dewey Decimal Classification     General Tehuacán Tehuacán Sala general 03/12/2013 Compra   658.812 COB 505774 08/01/2025 03/12/2013 Libro